| 000 | 02079cam a22002895a 4500 | ||
|---|---|---|---|
| 001 | 17674228 | ||
| 005 | 20150810130404.0 | ||
| 008 | 130326t2013 maua frb 001 0 eng d | ||
| 020 | _a9780124077683 | ||
| 020 | _a0124077684 | ||
| 040 |
_aDLC _beng _cDLC _dDLC _dEG-ScBUE |
||
| 082 | 0 | 4 |
_a005.1 _bSCH _222 |
| 100 | 1 |
_aSchmidt, Richard F. _q(Richard Francis), _d1956- _938286 |
|
| 245 | 1 | 0 |
_aSoftware engineering : _barchitecture-driven software development / _cRichard F. Schmidt. |
| 260 |
_aWaltham, Massachusetts : _bMorgan Kaufmann / Elsevier, _cc.2013. |
||
| 300 |
_axxiv, 351 p. : _bill. ; _c24 cm. |
||
| 500 | _aIndex : p. 343-351. | ||
| 504 | _aIncludes bibliographical references. | ||
| 505 | 0 | _aSection 1. Software Engineering Foundations -- Introduction to Software Engineering -- Generic Software Development Framework -- The Software Architecture -- Coping with Project Complexity -- Integrated Product and Process Development -- Section 2. Specifying Software Requirements -- Understanding Software Requirements -- Software Requirements Analysis -- Managing Requirements -- Section 3. Developing the Functional Architecture -- Formulating the Functional Architecture -- Functional Analysis and Allocation Tasks -- Section 4. Developing the Physical Architecture -- Configuring the Physical Architecture -- Application Design Synthesis -- Section 5. Software Architectural Design Decisions -- Evaluating Architectural Alternatives -- Software Analysis Tasks -- Section 6. Managing the Software Architecture -- Software Control Tasks -- Software Verification and Validation Tasks -- Section 7. Software Integrated Product and Process Development -- Software Requirements Definition -- Preliminary Architecture Definition -- Detailed Architecture Definition -- Software Implementation. | |
| 650 | 0 |
_aSoftware engineering. _2BUEsh |
|
| 650 | 0 |
_aSoftware architecture. _2BUEsh |
|
| 650 | 0 |
_aComputer software _xDevelopment. _2BUEsh |
|
| 651 | _2BUEsh | ||
| 653 |
_bCOMSCI _bENGGEN _cJune2015 _cAugust2015 |
||
| 655 |
_vreading book _934232 |
||
| 942 |
_2ddc _k005.1 SCH |
||
| 999 |
_c19852 _d19824 |
||